01594cam a2200289Ia 4500020001500000020001800015040000800033082002700041245013500068260007500203300004500278490003500323500004700358520050000405650002300905650002800928650001400956650001400970650001400984700001700998700002101015700001901036710006001055942000701115999001701122952016501139 a925105567X a9789251055670 cFQG a639 FOO 2006 A2006 Or.00aSocio-economic indicators in integrated coastal zone and community-based fisheries management :bcase studies from the Caribbean / aRome :bFood and Agriculture Organization of the United Nations,c2006 axii, 208 p. :bill. (some col.) ;c30 cm1 aFAO fisheries technical paper, a"TR/M/A0690E/1/9.09/1600"--P. [4] of cover aThis publication consist of case studies describing how socio-economic and demographic concerns are addressed in integrated coastal zone and community-based fisheries management in Belize, Dominica, Jamaica, Saint Lucia, Trinidad and Tobago and the Turks and Caicos Islands. The results of a comparative study in Malaysia and the Philippines are also reported, including the results of a regional workshop (held 13-17 June 2005) organized to review the findings of the case and comparative study 0aFishery management 0aCoastal zone management 0aFisheries 0aFisheries 0aFisheries1 aTietze, Uwe,1 aHaughton, Milton1 aSiar, Susana V2 aFood and Agriculture Organization of the United Nations cEK c16104d16104 0010406639_000000000000000_FOO_2006_A083_OR70969904aLBAbLBAcA083d2018-01-10l1o639 FOO 2006 A083 Or.pRUA059955r2022-09-06s2022-09-02w2018-01-10yEK